Welcome to CU Library Online Public Access Catalogue (OPAC)

An outline of Islamic customary law in Ghana / (Record no. 218)

MARC details
000 -LEADER
fixed length control field 00599cam a2200181 i 4500
001 - CONTROL NUMBER
control field 19234936
005 - DATE AND TIME OF LATEST TRANSACTION
control field 20241025175230.0
008 - FIXED-LENGTH DATA ELEMENTS--GENERAL INFORMATION
fixed length control field 160818s2015 gh b 001 0 eng
020 ## - INTERNATIONAL STANDARD BOOK NUMBER
International Standard Book Number 9789988856786
050 00 - LIBRARY OF CONGRESS CALL NUMBER
Classification number KRX449.3
Item number .J67 2015
100 1# - MAIN ENTRY--PERSONAL NAME
Personal name Josiah-Aryeh, Nii Armah.
245 13 - TITLE STATEMENT
Title An outline of Islamic customary law in Ghana /
Statement of responsibility, etc. N.A. Josiah-Aryeh, LLB (Ghana), LLM (London), PhD (London).
250 ## - EDITION STATEMENT
Edition statement Edited second edition.
260 ## - PUBLICATION, DISTRIBUTION, ETC.
Place of publication, distribution, etc. Odorkor, Accra
Name of publisher, distributor, etc. Icon Publishing Limited
Date of publication, distribution, etc. 2015
300 ## - PHYSICAL DESCRIPTION
Extent xxii, 196 pages ;
Dimensions 23 cm
Other physical details Index
650 #0 - SUBJECT ADDED ENTRY--TOPICAL TERM
Topical term or geographic name entry element Customary law
Geographic subdivision Ghana.
942 ## - ADDED ENTRY ELEMENTS (KOHA)
Source of classification or shelving scheme Library of Congress Classification
Koha item type Books
Suppress in OPAC No
999 ## -
-- 218
-- 218
Holdings
Withdrawn status Lost status Source of classification or shelving scheme Damaged status Not for loan Home library Current library Shelving location Date acquired Total checkouts Full call number Barcode Date last seen Price effective from Koha item type Collection Copy number
    Library of Congress Classification     Law Library (Christ Temple) Law Library (Christ Temple) General stacks 03/13/2025   KRX55.167.G3 GHA LLCT00000146 03/13/2025 03/13/2025 Books Non-fiction 1
    Library of Congress Classification     Law Library (Miotso) Law Library (Miotso) General stacks 10/25/2024   KRX55.J67. GHA LLM00000116 10/25/2024 10/25/2024 Books    
© 2023-2024 Copyright: Central University Libraries. All Rights Reserved | Created by: Mahone Tech Office